Basic electrical engineering (Record no. 7166)

000 -LEADER
fixed length control field 00658nam a2200217 4500
001 - CONTROL NUMBER
control field 7166
003 - CONTROL NUMBER IDENTIFIER
control field BD-DhUET
008 - FIXED-LENGTH DATA ELEMENTS--GENERAL INFORMATION
fixed length control field 740521s1975 nyua 001 0 eng
020 ## - INTERNATIONAL STANDARD BOOK NUMBER
International Standard Book Number 0070211523
040 ## - CATALOGING SOURCE
Original cataloging agency DLC
Transcribing agency DLC
Modifying agency BD-DhUET
082 00 - DEWEY DECIMAL CLASSIFICATION NUMBER
Classification number 623
Item number FIT/1975
100 1# - MAIN ENTRY--PERSONAL NAME
Personal name Fitzgerald, A. E.
245 10 - TITLE STATEMENT
Title Basic electrical engineering
Remainder of title circuits,electronics,machines,control
Statement of responsibility, etc. by A. E. Fitzgerald, David E. Higginbotham and Arvin Grabel
250 ## - EDITION STATEMENT
Edition statement 4th ed.
260 ## - PUBLICATION, DISTRIBUTION, ETC. (IMPRINT)
Place of publication, distribution, etc. New York
Name of publisher, distributor, etc. McGraw-Hill
Date of publication, distribution, etc. 1975
300 ## - PHYSICAL DESCRIPTION
Extent xiv, 817 p.
Other physical details illus.
Dimensions 24 cm.
650 #0 - SUBJECT ADDED ENTRY--TOPICAL TERM
Topical term or geographic name as entry element Electricity : Engineering
700 ## - ADDED ENTRY--PERSONAL NAME
Personal name Higginbotham, David E.
700 ## - ADDED ENTRY--PERSONAL NAME
Personal name Grabel, Arvin
942 ## - ADDED ENTRY ELEMENTS (KOHA)
Koha item type General Book
Holdings
Location (home branch) Date acquired Koha date last borrowed Price effective from Copy number Not for loan Piece designation (barcode) Shelving location Sublocation or collection (holding branch) Koha item type Koha normalized classification for sorting Lost status Withdrawn status Source of classification or shelving scheme Koha date last seen Damaged status Koha issues (times borrowed) Koha full call number
Central Library, BUET2014-12-072018-07-212014-12-071 65364Circulation sectionCentral Library, BUETGeneral Book623PIT1975   2018-08-04 1623/PIT/1975
Central Library, BUET2015-03-12 2015-03-122 43309Circulation sectionCentral Library, BUETGeneral Book623_000000000000000_PIT_1975   2015-03-12  623/PIT/1975
Central Library, BUET2015-03-12 2015-03-123 43314Circulation sectionCentral Library, BUETGeneral Book623_000000000000000_PIT_1975   2015-03-12  623/PIT/1975
Central Library, BUET2015-03-12 2015-03-124 43676Circulation sectionCentral Library, BUETGeneral Book623_000000000000000_PIT_1975   2015-03-12  623/PIT/1975
Central Library, BUET2015-03-12 2015-03-125 42843Circulation sectionCentral Library, BUETGeneral Book623_000000000000000_PIT_1975   2015-03-12  623/PIT/1975
Central Library, BUET2015-04-16 2015-04-166 43308Circulation sectionCentral Library, BUETGeneral Book623_000000000000000_FIT_1975   2015-04-16  623/FIT/1975
Central Library, BUET2015-04-18 2015-04-187 43316Circulation sectionCentral Library, BUETGeneral Book623_000000000000000_FIT_1975   2015-04-18  623/FIT/1975
Central Library, BUET2015-04-21 2015-04-218 43310Circulation sectionCentral Library, BUETGeneral Book623_000000000000000_FIT_1975   2015-04-21  623/FIT/1975
Central Library, BUET2015-04-21 2015-04-219 43677Circulation sectionCentral Library, BUETGeneral Book623_000000000000000_FIT_1975   2015-04-21  623/FIT/1975
Central Library, BUET2015-04-21 2015-04-2110 43313Circulation sectionCentral Library, BUETGeneral Book623_000000000000000_FIT_1975   2015-04-21  623/FIT/1975
Central Library, BUET2015-04-21 2015-04-2111 43307Circulation sectionCentral Library, BUETGeneral Book623_000000000000000_FIT_1975   2015-04-21  623/FIT/1975
Central Library, BUET2015-04-21 2015-04-2112 51101Circulation sectionCentral Library, BUETGeneral Book623_000000000000000_FIT_1975   2015-04-21  623/FIT/1975
Central Library, BUET2015-06-28 2015-06-2813 42841Reading sectionCentral Library, BUETReading Item623_000000000000000_FIT_1975   2015-06-28  623/FIT/1975
Central Library, BUET2015-06-28 2015-06-2814 42840Reading sectionCentral Library, BUETReading Item623_000000000000000_FIT_1975   2015-06-28  623/FIT/1975
Central Library, BUET2015-06-28 2015-06-2815 43679Reading sectionCentral Library, BUETReading Item623_000000000000000_FIT_1975   2015-06-28  623/FIT/1975